Born in Halmstad - Statistics

General Stats
  • This quiz has been taken 5 times
  • The average score is 5 of 7
Answer Stats
Hint Answer % Correct
Singer and member of the duo Roxette 1959 Per Gessle
100%
Prime Minister of Sweden from 1991 to 1994 1949 Carl Bildt
80%
Football coach and coach of the Swedish national team from 2016 to 2023 1962 Janne Andersson
80%
Former table tennis player and 1991 World Champion 1966 Jörgen Persson
60%
Former footballer who played for Everton, Sheffield Wednesday, IFK Göteborg and the Swedish national team 1971 Niclas Alexandersson
60%
Biochemist who received the 1982 Nobel Prize for Physiology or Medicine 1934 Bengt Samuelsson
40%
Ice hockey forward who plays for the Minnesota Wild 1989 Gustav Nyquist
40%
No matching quizzes found
Score Distribution
Percent of People with Each Score
Percentile by Number Answered
Your Score History
You have not taken this quiz